Normal view
MARC view
Entry Personal Name
001 - CONTROL NUMBER
- control field: 8847
003 - CONTROL NUMBER IDENTIFIER
- control field: OSt
005 - DATE AND TIME OF LATEST TRANSACTION
- control field: 20190826052217.0
008 - FIXED-LENGTH DATA ELEMENTS
- fixed length control field: 190826|| aca||aabn | a|a d
040 ## - CATALOGING SOURCE
- Original cataloging agency: OSt
- Transcribing agency: OSt
100 ## - HEADING--PERSONAL NAME
- Personal name: Panday, Pranab Kumar
670 ## - SOURCE DATA FOUND
- Source citation: Work cat.: (OSt): Panday, Pranab Kumar, Public participation in local governments in Bangladesh: experience, challenges and the future, 2019
